Discurso leído en la Academia Valenciana de Legislación y Jurisprudencia en el curso de 1879 a 1880 / (Record no. 190231)

MARC details
000 -LEADER
campo de control de longitud fija 00633nam a2200169 i 4500
001 - NÚMERO DE CONTROL
campo de control 190231
003 - IDENTIFICADOR DE NÚMERO DE CONTROL
campo de control ES-MaACL
005 - FECHA Y HORA DE LA ÚLTIMA TRANSACCIÓN
campo de control 20250930063201.0
008 - DATOS DE LONGITUD FIJA--INFORMACIÓN GENERAL
campo de control de longitud fija 200918s1879 sp |||| | spa d
100 1# - ENTRADA PRINCIPAL--NOMBRE DE PERSONA
Nombre de persona Pascual y Genis, Cristóbal,
Fechas asociadas al nombre 1823-1881
9 (RLIN) 170337
245 10 - MENCIÓN DEL TÍTULO
Título Discurso leído en la Academia Valenciana de Legislación y Jurisprudencia en el curso de 1879 a 1880 /
Mención de responsabilidad, etc. por D. Cristóbal Pascual y Genís.
260 ## - PUBLICACIÓN, DISTRIBUCIÓN, ETC.
Lugar de publicación, distribución, etc. Valencia :
Nombre del editor, distribuidor, etc. [s.n.],
Fecha de publicación, distribución, etc. 1879 (
Fabricante Imp. de Emilio Pascual)
300 ## - DESCRIPCIÓN FÍSICA
Extensión 30 p. ;
Dimensiones 24 cm.
500 ## - NOTA GENERAL
Nota general Tema: Los principios del Derecho.
852 ## - LOCALIZACIÓN
Ubicación ES-MaACL
Número de control de estantería T-1269-F-10
Holdings
Estatus retirado Estado de pérdida Estado de daño No para préstamo Colección Biblioteca de origen Biblioteca actual Ubicación en estantería Fecha de adquisición Fuente de adquisición Total de préstamos Signatura topográfica completa Código de barras Visto por última vez Precio de reemplazo Tipo de ítem Koha
        Colección de folletos Biblioteca del Ateneo de Madrid Biblioteca del Ateneo de Madrid Depósito folletos 23/05/2005     T-1269-F-10 1202033 23/02/2023 23/02/2023 Folleto